Súčasnosť a perspektívy kradiovaskulárnej chirurgie na Slovensku

Podrobná bibliografia
Hlavný autor: Fischer, Viliam, 1938- (Autor)
Médium: Článok
Jazyk:slovenčina
PhysicalDescription:Res. angl., lit. 3 zázn. v angl., češ.
ISSN:1210-0048
Predmet:

MARC

LEADER 00000nab a2200000 a 4500
001 vtls000500064
003 SK-MaSNL
005 20260304095320.0
008 250425c1993 xo 0 slo
015 |a SNBRB19rr/mm-uuuuu 
035 |a CL0500202 
035 |a urn:nbn:sk:snk-ab6t46 
035 |a (uuid)f28235ba-384c-405a-b87e-f87e28d03d55 
035 |a (urnnbn)urn:nbn:sk:snk:ar-a05pj2 
035 |a (sysno)vtls000500064 
040 |a SNKBUCL  |b slo  |c SNKBUCL  |e AACR2 
041 0 |a slo 
044 |a xo  |c SK 
080 |a 616.12/.13-089  |2 1981 
100 1 |a Fischer, Viliam,  |d 1938-  |4 aut  |9 23421 
245 1 0 |a Súčasnosť a perspektívy kradiovaskulárnej chirurgie na Slovensku  |c Viliam Fischer 
300 |b Res. angl., lit. 3 zázn. v angl., češ. 
650 0 7 |a chirurgia kardiovaskulárna  |2 snkbucl  |9 981033 
655 7 |a články z novín a časopisov  |2 snkbucl  |9 267496 
773 0 |t Neinvazívna kardiológia  |g Roč. 2, č. 3 (1993), s. 196-198  |x 1210-0048 
850 |a Slovenská národná knižnica 
852 |a Slovenská národná knižnica 
954 |a odborná, vedecká literatúra pôvodná (slovenská)  |2 lita 
958 |a article27 
958 |a RK 
958 |a MI 
958 |a OND 
958 |a EUIPO 
992 |a RBX 
999 |c 2832011  |d 2833941